Influencia de la especie y del pastoreo sobre la dinámica del nitrógeno en suelos del sur del Caldenal /

Guardado en:
Autor Principal: Andrioli, Romina J.
Autor Corporativo: Universidad Nacional del Sur. Departamento de Agronomía.
Otros Autores: Distel, Roberto Alejandro.
Formato: Manuscrito
Idioma:Spanish
Publicado: 2007.
Materias:
Etiquetas: Agregar Etiqueta
Sin Etiquetas, Sea el primero en etiquetar este registro!
LEADER 00942ntm a22002175a 4500
001 EEA.libagro009359
005 20140212130820.0
008 080422s2007####ag#ao####bm###000#0#spa#d
100 1 |a Andrioli, Romina J. 
245 1 0 |a Influencia de la especie y del pastoreo sobre la dinámica del nitrógeno en suelos del sur del Caldenal /  |c Romina J. Andrioli. 
260 |c 2007. 
300 |a xii, 51 h. :  |b il. (algunas col.) ;  |c 30 cm. 
500 |a "Tesis de Magíster en Ciencias Agrarias". 
500 |a Director de tesis: Roberto A. Distel. 
502 |a Tesis (magíster)--Universidad Nacional del Sur. Departamento de Agronomía, 2008. 
504 |a Incluye referencias bibliográficas (p. 42-51). 
650 7 |a Pastoreo.  |2 unbist 
651 0 |a Bahía Blanca (Argentina) 
700 1 |a Distel, Roberto Alejandro. 
710 2 |a Universidad Nacional del Sur.  |b Departamento de Agronomía. 
859 |a AR-BbBCA  |b BIB. AGRONOMIA  |h 040  |i B148 2008-840  |p 118920/008